| 000 | 00588nam a2200229 a 4500 | ||
|---|---|---|---|
| 999 |
_c1562 _d1562 |
||
| 001 | 1562 | ||
| 003 | BD-JhCC | ||
| 005 | 20171021200211.0 | ||
| 008 | 171021s2001 bg a|||| || | 000 0 eng d | ||
| 020 | _a984051184 | ||
| 035 | _a(BD-JhCC)1562 | ||
| 040 |
_aBD-JhCC _dBD-JhCC |
||
| 041 | _aeng | ||
| 082 |
_a934 _bCHA 2001 |
||
| 100 | _aChakrabarti, Dilip K. | ||
| 245 |
_aAncient Bangladesh / _cDilip K Chakrabarti, . |
||
| 260 |
_aDhaka : _bThe University Press Ltd, _c2001 |
||
| 300 |
_a209 p. : _c24 cm. |
||
| 650 |
_aArchaeology _zBangladesh |
||
| 942 |
_2ddc _cBK |
||